000 01067cam a22003257a 4500
003 CHAP
005 20220329141611.0
008 971013s1965 cu r 00010 spa d
010 _a70803
011 _a71775
035 _a81329
040 _cCHAP
082 0 4 _a551.7
_bC3
100 0 0 _aCalvache, A.
_917597
245 1 0 _aBosquejo histórico del conocimiento de la geología de Cuba
260 _aLa Habana :
_bAcademia de Ciencias de Cuba. Departamento de Geología,
_c1965
300 _a1107 p.
504 _aBibliografía : p. 75-105
590 _aBATCH-UPD
_b10
_c20130110
_lUCH01
_h0106
590 _aBATCH-UPD
_b10
_c20130110
_lUCH01
_h2307
590 _aBATCH-UPD
_b10
_c20130409
_lUCH01
_h2056
590 _aBATCH-UPD
_b10
_c20130410
_lUCH01
_h1559
590 _aBATCH-UPD
_b10
_c20130914
_lUCH01
_h0819
590 _aCONVERSION
_b10
_c20130109
_lUCH01
_h1339
650 1 4 _aGeología estratigráfica.
_947649
650 1 4 _aGeología
_xCuba.
_947618
901 _aBK
942 _cLIBRO
949 _a551.7 C3
_bBC
_cLIBRO
_d33724000518478
_eLIBRO
_h33237
_i81329
_mD
_si
999 _c70803
_d70803